01085nam a2200193Ia 4500001001100000003001000011008004100021040002500062041001300087100001800100245002200118250001100140260005500151300001200206500026400218501011400482520026400596650003100860L922-42104IT-CnALBA170116s9999||||xx |||||||||||||| ||und|| aIT-CnALBAcIT-CnALBA aITALIANO aCHAIGNE LOUIS 0aGEORGESBERNANOS.  a1a ed. a TORINO. ROMAbBORLA EDITORE c1964 [1° Ed.:1964] a172 p.  aTRADUZIONE DAL FRANCESE. LA FIGURA. ITINERARI. ROMANZO MISTICO DI UN'EPOCA. OPERE. STORIA PROFETICA E LIRICA. MESSAGGIO DI BERNANOS. SONO I FANCIULLI CHE SANNO TUTTO. IL BENE DEL MONDO. LA TRAGICA SEMPLICITÀ DEI SACERDOTI. VERITÀ DELLA POESIA. RENAN, FRAN aSocietà San Paolo EM - Piazza San Paolo, 14 - 12051 ALBA (CN) (non commercial uses only) ® Copyright 2017 aTRADUZIONE DAL FRANCESE. LA FIGURA. ITINERARI. ROMANZO MISTICO DI UN'EPOCA. OPERE. STORIA PROFETICA E LIRICA. MESSAGGIO DI BERNANOS. SONO I FANCIULLI CHE SANNO TUTTO. IL BENE DEL MONDO. LA TRAGICA SEMPLICITÀ DEI SACERDOTI. VERITÀ DELLA POESIA. RENAN, FRAN aBIOGRAFIE, UOMINI ILLUSTRI